[Event "TUR-chT 2nd League"]
[Site "Denizli"]
[Date "2023.07.12"]
[Round "5.74"]
[White "Altay, Kerim Baturay"]
[Black "Kaya, Emel"]
[Result "0-1"]
[WhiteElo "1459"]
[BlackElo "1912"]
[PlyCount "86"]
[EventDate "2023.07.09"]
[EventType "team-swiss"]
[EventRounds "9"]
[EventCountry "TUR"]
[SourceTitle "CBM 215 Extra"]
[Source "ChessBase"]
[SourceDate "2023.09.30"]
[SourceVersion "1"]
[SourceVersionDate "2023.09.30"]
[SourceQuality "1"]
[WhiteTeam "Altinkale Kultur"]
[BlackTeam "Manisa Turkuaz"]
[WhiteTeamCountry "TUR"]
[BlackTeamCountry "TUR"]

1. e4 c5 2. Nc3 g6 3. f4 Bg7 4. Nf3 Nc6 5. Bb5 Nd4 6. a4 a6 7. Bc4 e6 8. Nxd4 cxd4 9. Ne2 Ne7 10. d3 d5 11. Bb3 0-0 12. 0-0 Bd7 13. Ng3 Rc8 14. Qe2 Kh8 15. Kh1 f5 16. e5 Nc6 17. Bd2 a5 18. Qf2 Rf7 19. Rfe1 Bf8 20. Ne2 Qb6 21. Ng1 Bb4 22. Nf3 Bxd2 23. Qxd2 Nb4 24. Red1 Qc5 25. Qf2 Nc6 26. c3 Qb6 27. Ra3 Be8 28. Nxd4 Nxd4 29. Qxd4 Qxd4 30. cxd4 Rfc7 31. Raa1 Rc6 32. Kg1 Rb6 33. Ra3 Rb4 34. Kf2 Rxd4 35. Ke3 Rb4 36. g3 Rxb3 37. Rxb3 Bxa4 38. Rxb7 Bxd1 39. Ra7 a4 40. Ra6 d4+ 41. Kxd4 Bb3 42. h4 Kg7 43. Ra7+ Kh6 0-1

[Event "Motiva Online Blitz (Women)"]
[Site "Chess.com INT"]
[Date "2021.12.18"]
[Round "8"]
[White "Kaya, Emel"]
[Black "Luong, Nhat Linh"]
[Result "0-1"]
[WhiteElo "1912"]
[BlackElo "2043"]
[PlyCount "114"]
[EventDate "2021.12.18"]
[EventType "swiss (blitz)"]
[EventRounds "13"]
[EventCountry "USA"]
[SourceTitle "CBM 205 Extra"]
[Source "ChessBase"]
[SourceDate "2022.01.31"]
[SourceVersion "1"]
[SourceVersionDate "2022.01.31"]
[SourceQuality "1"]

1. e4 c5 2. Nf3 d6 3. Bb5+ Bd7 4. Bxd7+ Qxd7 5. 0-0 Nf6 6. Re1 Nc6 7. c3 e6 8. d4 cxd4 9. cxd4 d5 10. e5 Ne4 11. Nbd2 Nxd2 12. Bxd2 Be7 13. Rc1 0-0 14. a3 Rac8 15. Rc3 f6 16. Rd3 fxe5 17. Nxe5 Nxe5 18. Rxe5 Bd6 19. Re1 Qf7 20. Qe2 Rce8 21. Rf3 Qg6 22. Rxf8+ Kxf8 23. Bb4 Bxb4 24. axb4 Re7 25. h3 Kf7 26. Rc1 e5 27. dxe5 Qf5 28. Re1 d4 29. Qc4+ Kg6 30. Qxd4 Rf7 31. e6 Re7 32. g4 Qf3 33. Re3 Qc6 34. Qd3+ Kh6 35. Qf5 Qc1+ 36. Kh2 Qc7+ 37. Re5 g6 38. Qf8+ Rg7 39. Qf4+ g5 40. Qf6+ Rg6 41. Qh8 Rxe6 42. f4 Qc2+ 43. Kg3 Qd3+ 44. Kg2 Qd2+ 45. Kf1 Qd1+ 46. Kg2 Qd2+ 47. Kf3 Qd3+ 48. Kf2 Qd2+ 49. Kg3 Qxf4+ 50. Kg2 Rxe5 51. Qxe5 Qxe5 52. h4 gxh4 53. Kh3 Kg5 54. Kg2 Qe3 55. Kf1 Kxg4 56. b5 Kg3 57. b6 Qf2# 0-1

[Event "Motiva Online Blitz (Women)"]
[Site "Chess.com INT"]
[Date "2021.12.18"]
[Round "13"]
[White "Kaya, Emel"]
[Black "Yurasova, Daria"]
[Result "0-1"]
[WhiteElo "1912"]
[BlackElo "2107"]
[PlyCount "52"]
[EventDate "2021.12.18"]
[EventType "swiss (blitz)"]
[EventRounds "13"]
[EventCountry "USA"]
[SourceTitle "CBM 205 Extra"]
[Source "ChessBase"]
[SourceDate "2022.01.31"]
[SourceVersion "1"]
[SourceVersionDate "2022.01.31"]
[SourceQuality "1"]

1. e4 e5 2. Nf3 Nc6 3. Bc4 Bc5 4. c3 Nf6 5. d4 exd4 6. e5 Ne4 7. Bd5 Nxf2 8. Kxf2 dxc3+ 9. Kg3 h5 10. h3 d6 11. Bxc6+ bxc6 12. Re1 Bf5 13. Nxc3 h4+ 14. Kh2 Bf2 15. exd6+ Bxe1 16. Qxe1+ Kf8 17. dxc7 Qxc7+ 18. Kh1 Re8 19. Qf2 Qb6 20. Qxb6 axb6 21. Bf4 f6 22. Rd1 g5 23. Bc7 Kf7 24. Rd6 g4 25. Nd4 Re1+ 26. Kh2 g3# 0-1

[Event "Speed Chess (Women) Q5"]
[Site "Chess.com INT"]
[Date "2020.06.22"]
[Round "7"]
[White "Kaya, Emel"]
[Black "Vifleemskaia, Svetlana"]
[Result "0-1"]
[WhiteElo "1912"]
[BlackElo "1943"]
[PlyCount "116"]
[EventDate "2020.06.22"]
[EventType "swiss (blitz)"]
[EventRounds "13"]
[EventCountry "USA"]
[SourceTitle "CBM 196 Extra"]
[Source "ChessBase"]
[SourceDate "2020.07.31"]
[SourceVersion "1"]
[SourceVersionDate "2020.07.31"]
[SourceQuality "1"]

1. e4 e5 2. Nf3 Nc6 3. Bc4 Nf6 4. Ng5 d5 5. exd5 Na5 6. Bb5+ c6 7. dxc6 bxc6 8. Be2 h6 9. Nf3 e4 10. Ne5 Bc5 11. d4 Qxd4 12. c3 Qxe5 13. b4 Bb6 14. bxa5 Bxa5 15. 0-0 0-0 16. Be3 Bc7 17. g3 Bh3 18. Re1 Rfd8 19. Qa4 Qe6 20. Bc4 Nd5 21. Nd2 Qg6 22. Qc2 Re8 23. Bd4 e3 24. Qxg6 exf2+ 25. Bxf2 fxg6 26. Nb3 Kh7 27. Nd4 Nxc3 28. Nxc6 Bb6 29. Nd4 Ne4 30. Rad1 Rad8 31. Bb3 Nxf2 32. Rxe8 Nxd1 33. Rxd8 Bxd8 34. Nc6 Bb6+ 35. Kh1 Ne3 36. Bd5 Ng4 37. Nd4 Nf2+ 38. Kg1 Bxd4 39. a4 Nd3+ 40. Kh1 Nb4 41. Bf3 a5 42. Be4 Bf2 43. g4 Bxg4 44. h4 Bd4 45. Kh2 Bf5 46. Bf3 Bc2 47. h5 gxh5 48. Bxh5 Bxa4 49. Bf3 Bc2 50. Kh1 a4 51. Kh2 a3 52. Kh3 a2 53. Kh2 a1Q 54. Kg3 Qc3 55. Kh2 Qd2+ 56. Kg3 Qf2+ 57. Kh3 Qxf3+ 58. Kh2 Be5+ 0-1

[Event "Speed Chess (Women) Q2"]
[Site "Chess.com INT"]
[Date "2020.06.19"]
[Round "9"]
[White "Demchenko, Svitlana"]
[Black "Kaya, Emel"]
[Result "0-1"]
[WhiteElo "2071"]
[BlackElo "1912"]
[PlyCount "54"]
[EventDate "2020.06.19"]
[EventType "swiss (blitz)"]
[EventRounds "13"]
[EventCountry "USA"]
[SourceTitle "CBM 196 Extra"]
[Source "ChessBase"]
[SourceDate "2020.07.31"]
[SourceVersion "1"]
[SourceVersionDate "2020.07.31"]
[SourceQuality "1"]

1. e4 c5 2. Nf3 g6 3. d4 cxd4 4. Nxd4 Bg7 5. c4 Nc6 6. Be3 Nf6 7. Nc3 0-0 8. Be2 b6 9. 0-0 Bb7 10. f3 e6 11. Ndb5 d5 12. cxd5 exd5 13. exd5 Nb4 14. d6 Nfd5 15. Nxd5 Nxd5 16. Bd4 Qg5 17. Bxg7 Ne3 18. g3 Nxd1 19. Bxf8 Qc5+ 20. Kh1 Nf2+ 21. Kg2 Ng4 22. Rac1 Qh5 23. Rh1 Rxf8 24. h3 Ne3+ 25. Kf2 Qe5 26. Rhe1 Nf5 27. Rg1 Qe3+ 0-1

[Event "Speed Chess (Women) Q2"]
[Site "Chess.com INT"]
[Date "2020.06.19"]
[Round "6"]
[White "Kabanova, Ekaterina"]
[Black "Kaya, Emel"]
[Result "0-1"]
[WhiteElo "2138"]
[BlackElo "1912"]
[PlyCount "102"]
[EventDate "2020.06.19"]
[EventType "swiss (blitz)"]
[EventRounds "13"]
[EventCountry "USA"]
[SourceTitle "CBM 196 Extra"]
[Source "ChessBase"]
[SourceDate "2020.07.31"]
[SourceVersion "1"]
[SourceVersionDate "2020.07.31"]
[SourceQuality "1"]

1. c4 g6 2. Nf3 Bg7 3. d4 c5 4. e3 cxd4 5. exd4 d5 6. cxd5 Qxd5 7. Nc3 Qa5 8. Bc4 Nc6 9. 0-0 Nf6 10. Re1 0-0 11. a3 Bg4 12. b4 Qd8 13. Be3 Rc8 14. Qb3 Bxf3 15. gxf3 a6 16. Rad1 Qd7 17. Bf1 e6 18. b5 Na5 19. Qb4 axb5 20. Qxa5 Qc6 21. Ne4 Nxe4 22. fxe4 Qxe4 23. Qxb5 e5 24. d5 Qg4+ 25. Kh1 e4 26. d6 Rfd8 27. Bg2 Rc6 28. Bc5 Be5 29. Be3 Bxd6 30. Rxd6 Rcxd6 31. Qxb7 Rd1 32. Qb4 Rxe1+ 33. Qxe1 Rd1 34. Bd2 Rxe1+ 35. Bxe1 Qd1 36. Kg1 Qxe1+ 37. Bf1 e3 38. fxe3 Qxe3+ 39. Kg2 Qxa3 40. Be2 Kg7 41. Bf3 f5 42. h3 Kf6 43. Kg3 h5 44. h4 g5 45. hxg5+ Kxg5 46. Kf2 Kf4 47. Be2 Qb2 48. Ke1 Ke3 49. Kf1 Qxe2+ 50. Kg1 Kf3 51. Kh1 Qg2# 0-1

[Event "Speed Chess (Women) Q2"]
[Site "Chess.com INT"]
[Date "2020.06.19"]
[Round "7"]
[White "Kaya, Emel"]
[Black "Lesbekova, Asel"]
[Result "0-1"]
[WhiteElo "1912"]
[BlackElo "1920"]
[PlyCount "76"]
[EventDate "2020.06.19"]
[EventType "swiss (blitz)"]
[EventRounds "13"]
[EventCountry "USA"]
[SourceTitle "CBM 196 Extra"]
[Source "ChessBase"]
[SourceDate "2020.07.31"]
[SourceVersion "1"]
[SourceVersionDate "2020.07.31"]
[SourceQuality "1"]

1. e4 c5 2. Nf3 Nc6 3. Bb5 e6 4. Bxc6 bxc6 5. Nc3 Nf6 6. d3 d6 7. 0-0 e5 8. h3 Be7 9. Be3 0-0 10. a4 Qc7 11. b3 a6 12. Nd2 d5 13. Ne2 d4 14. Bg5 h6 15. Bxf6 Bxf6 16. Nc4 Bg5 17. Rb1 f5 18. f3 Be6 19. Ng3 f4 20. Ne2 Bf6 21. Qd2 Rab8 22. Qa5 Qd7 23. Qxc5 Bxh3 24. Nxe5 Qe6 25. Qc4 Bxe5 26. gxh3 Qxc4 27. bxc4 c5 28. Kf2 a5 29. Rb5 Rxb5 30. cxb5 c4 31. dxc4 Rc8 32. Rb1 Rxc4 33. c3 d3 34. Nd4 Rxc3 35. Nc6 Rc2+ 36. Ke1 Bc3+ 37. Kd1 Rh2 38. Rb3 Rh1# 0-1

[Event "Speed Chess (Women) Q2"]
[Site "Chess.com INT"]
[Date "2020.06.19"]
[Round "4"]
[White "Kaya, Emel"]
[Black "Smietanska, Wiktoria"]
[Result "1-0"]
[WhiteElo "1912"]
[BlackElo "1593"]
[PlyCount "59"]
[EventDate "2020.06.19"]
[EventType "swiss (blitz)"]
[EventRounds "13"]
[EventCountry "USA"]
[SourceTitle "CBM 196 Extra"]
[Source "ChessBase"]
[SourceDate "2020.07.31"]
[SourceVersion "1"]
[SourceVersionDate "2020.07.31"]
[SourceQuality "1"]

1. e4 c5 2. Nf3 g6 3. d4 cxd4 4. Qxd4 Nf6 5. e5 Nc6 6. Qa4 Nd5 7. Qe4 Ndb4 8. Na3 d5 9. exd6 Qxd6 10. Bb5 Bf5 11. Qc4 Bg7 12. 0-0 Be6 13. Qh4 0-0 14. Bf4 Qc5 15. c3 Nd5 16. Bh6 Bf6 17. Ng5 Rfd8 18. Nxe6 fxe6 19. Bg5 a6 20. Bxc6 Qxc6 21. c4 Bxg5 22. Qxg5 Nf6 23. Rad1 Kg7 24. Qe5 Rxd1 25. Rxd1 Qa4 26. Re1 Kg8 27. Qxe6+ Kh8 28. Qxe7 Nh5 29. b3 Qxa3 30. Qxa3 1-0

[Event "TUR-chT 1st League"]
[Site "Konya"]
[Date "2018.07.17"]
[Round "2.1"]
[White "Shvayger, Yuliya"]
[Black "Kaya, Emel"]
[Result "1-0"]
[WhiteElo "2403"]
[BlackElo "1928"]
[PlyCount "47"]
[EventDate "2018.07.16"]
[EventType "team-swiss"]
[EventRounds "9"]
[EventCountry "TUR"]
[SourceTitle "EXT 2019"]
[Source "ChessBase"]
[SourceDate "2018.10.10"]
[SourceVersion "1"]
[SourceVersionDate "2018.10.10"]
[SourceQuality "1"]
[WhiteTeam "Tatvan Egitimi"]
[BlackTeam "Manisa Turkuaz"]
[WhiteTeamCountry "TUR"]
[BlackTeamCountry "TUR"]

1. e4 e5 2. Nf3 Nc6 3. Nc3 Nf6 4. g3 d5 5. exd5 Nxd5 6. Bg2 Nxc3 7. bxc3 Be7 8. 0-0 0-0 9. Re1 Bf6 10. Rb1 Re8 11. d4 Bg4 12. h3 Bxf3 13. Bxf3 exd4 14. Rxe8+ Qxe8 15. Rxb7 Ne5 16. cxd4 Rd8 17. Be3 Qa4 18. Rxc7 Qxa2 19. Be4 a5 20. Qe2 Ng6 21. Qc4 Qxc4 22. Rxc4 Nf8 23. Ra4 Ne6 24. d5 1-0

[Event "TUR-chT 1st League"]
[Site "Konya"]
[Date "2018.07.16"]
[Round "1.6"]
[White "Kaya, Emel"]
[Black "Babiy, Olga"]
[Result "0-1"]
[WhiteElo "1928"]
[BlackElo "2333"]
[PlyCount "76"]
[EventDate "2018.07.16"]
[EventType "team-swiss"]
[EventRounds "9"]
[EventCountry "TUR"]
[SourceTitle "EXT 2019"]
[Source "ChessBase"]
[SourceDate "2018.10.10"]
[SourceVersion "1"]
[SourceVersionDate "2018.10.10"]
[SourceQuality "1"]
[WhiteTeam "Manisa Turkuaz"]
[BlackTeam "Karsiyaka Ihtisas"]
[WhiteTeamCountry "TUR"]
[BlackTeamCountry "TUR"]

1. e4 c5 2. Nf3 e6 3. d4 cxd4 4. Nxd4 Nc6 5. Nc3 a6 6. Be2 d6 7. 0-0 Nf6 8. Be3 Bd7 9. a4 Be7 10. Nb3 Na5 11. Qd4 Rc8 12. Kh1 e5 13. Qb4 Nc6 14. Qxb7 Rb8 15. Qxa6 Nb4 16. Qc4 Nxc2 17. Nb5 Rc8 18. Qd3 Nxa1 19. Rxa1 Be6 20. Na7 Ra8 21. Nc6 Qd7 22. Nba5 0-0 23. b4 Bd8 24. f3 Bxa5 25. Nxa5 Rfc8 26. Qb5 Rc2 27. Bd3 Qxb5 28. axb5 Rc3 29. Rd1 d5 30. Bg5 dxe4 31. Bxe4 Nxe4 32. fxe4 f6 33. Bh4 Rb8 34. Be1 Rc2 35. Nc6 Rxb5 36. Ne7+ Kf7 37. Nf5 Bxf5 38. exf5 g6 0-1

[Event "Cesme op 5th"]
[Site "Cesme"]
[Date "2017.06.16"]
[Round "7"]
[White "Kaya, Emel"]
[Black "Eminov, Orkhan"]
[Result "0-1"]
[WhiteElo "1928"]
[BlackElo "2290"]
[PlyCount "164"]
[EventDate "2017.06.12"]
[EventType "swiss"]
[EventRounds "9"]
[EventCountry "TUR"]
[SourceTitle "CBM 178 Extra"]
[Source "ChessBase"]
[SourceDate "2017.06.22"]
[SourceVersion "1"]
[SourceVersionDate "2017.06.22"]
[SourceQuality "1"]

1. e4 c5 2. Nf3 g6 3. d4 cxd4 4. Nxd4 Nc6 5. c4 Bg7 6. Be3 Nf6 7. Nc3 d6 8. Be2 0-0 9. 0-0 Bd7 10. Qd2 Nxd4 11. Bxd4 Bc6 12. f3 Nd7 13. Be3 a5 14. b3 Nc5 15. Rab1 Qb6 16. Rfc1 Rfc8 17. Rc2 h5 18. Kh1 Kh7 19. a3 Qd8 20. Bf1 Qh8 21. Ne2 Be5 22. Bg5 e6 23. b4 axb4 24. axb4 Nxe4 25. fxe4 Bxe4 26. Ng1 Ra3 27. Nf3 Bxc2 28. Qxc2 Rca8 29. Qe4 Ra1 30. g3 d5 31. Qc2 R8a2 32. Qd1 Bg7 33. Rxa1 Rxa1 34. Qd3 dxc4 35. Qxc4 Qa8 36. Kg2 b6 37. Be2 Ra3 38. Bd2 Qb7 39. b5 Bf6 40. Qc6 Qb8 41. Bf4 Qa7 42. Qc7 e5 43. Qxa7 Rxa7 44. Be3 Rb7 45. Ng5+ Kg7 46. Ne4 Be7 47. Nc3 f5 48. Nd5 Bd8 49. Nb4 Rd7 50. Bc4 g5 51. Nc6 f4 52. Nxd8 fxe3 53. Nc6 e4 54. Kf1 Rd2 55. Be2 Kf6 56. h3 h4 57. gxh4 gxh4 58. Ke1 Rb2 59. Nd4 Ke5 60. Nc6+ Kf4 61. Nd4 Rb4 62. Ne6+ Kg3 63. Bf1 Kh2 64. Nf4 Rb1+ 65. Ke2 Rb3 66. Ke1 Rb2 67. Nd5 Rb1+ 68. Ke2 Rxb5 69. Nxe3 Kg3 70. Ke1 Rb1+ 71. Nd1 b5 72. Kd2 b4 73. Kc2 Ra1 74. Bc4 Ra3 75. Be6 e3 76. Bg4 Kf4 77. Nb2 Rc3+ 78. Kd1 b3 79. Be2 Kg3 80. Bf1 Rc2 81. Nd3 Rd2+ 82. Ke1 b2 0-1

[Event "TUR-ch (Women)"]
[Site "Cesme"]
[Date "2016.03.12"]
[Round "9"]
[White "Celik, Eda"]
[Black "Kaya, Emel"]
[Result "1/2-1/2"]
[WhiteElo "1741"]
[BlackElo "1987"]
[PlyCount "76"]
[EventDate "2016.03.07"]
[EventType "swiss"]
[EventRounds "9"]
[EventCountry "TUR"]
[SourceTitle "CBM 171 Extra"]
[Source "ChessBase"]
[SourceDate "2016.04.26"]
[SourceVersion "1"]
[SourceVersionDate "2016.04.26"]
[SourceQuality "1"]

1. e4 e5 2. Nf3 Nc6 3. Bb5 a6 4. Ba4 Nf6 5. 0-0 b5 6. Bb3 Bb7 7. c3 Nxe4 8. d4 exd4 9. Re1 d5 10. Ng5 Qd7 11. f3 h6 12. Nh3 0-0-0 13. fxe4 dxc3 14. Nxc3 Bc5+ 15. Kh1 d4 16. Nd5 Na5 17. Nhf4 Nxb3 18. axb3 f5 19. Nd3 fxe4 20. Nxc5 Qxd5 21. Qg4+ Kb8 22. Nxb7 Kxb7 23. Qxe4 Qxe4 24. Rxe4 Rhe8 25. Rxe8 Rxe8 26. Bd2 Re2 27. Rd1 c5 28. Kg1 Kc6 29. Kf1 Re6 30. Kf2 Kd5 31. Kf3 c4 32. bxc4+ Kxc4 33. b4 Kd3 34. Bxh6+ Kc2 35. Rc1+ Kd3 36. Rd1+ Kc2 37. Rc1+ Kd3 38. Rd1+ Kc2 1/2-1/2

[Event "TUR-ch (Women)"]
[Site "Cesme"]
[Date "2016.03.11"]
[Round "7"]
[White "Ipeker, Melda"]
[Black "Kaya, Emel"]
[Result "0-1"]
[WhiteElo "1580"]
[BlackElo "1987"]
[PlyCount "68"]
[EventDate "2016.03.07"]
[EventType "swiss"]
[EventRounds "9"]
[EventCountry "TUR"]
[SourceTitle "CBM 171 Extra"]
[Source "ChessBase"]
[SourceDate "2016.04.26"]
[SourceVersion "1"]
[SourceVersionDate "2016.04.26"]
[SourceQuality "1"]

1. e4 e5 2. Nf3 Nc6 3. Bc4 Nf6 4. d3 Be7 5. c3 0-0 6. Nbd2 d6 7. h3 Na5 8. Bb5 a6 9. Ba4 b5 10. Bc2 c5 11. Nf1 Re8 12. Ng3 Nc6 13. 0-0 d5 14. Qe2 Be6 15. Re1 h6 16. Nf1 d4 17. g4 c4 18. Bd2 dxc3 19. bxc3 Qd7 20. Ne3 cxd3 21. Bxd3 Red8 22. Bc2 b4 23. Nc4 Bxc4 24. Qxc4 Rac8 25. Bb3 Bf8 26. Qxa6 bxc3 27. Bc1 Bc5 28. Qb5 Bd4 29. Bc2 Nxg4 30. Nxd4 exd4 31. hxg4 Qxg4+ 32. Kh2 d3 33. Rd1 Nd4 34. Qa4 Nf3+ 0-1

[Event "TUR-ch (Women)"]
[Site "Cesme"]
[Date "2016.03.08"]
[Round "3"]
[White "Turkkan, Ece"]
[Black "Kaya, Emel"]
[Result "0-1"]
[WhiteElo "1496"]
[BlackElo "1987"]
[PlyCount "104"]
[EventDate "2016.03.07"]
[EventType "swiss"]
[EventRounds "9"]
[EventCountry "TUR"]
[SourceTitle "CBM 171 Extra"]
[Source "ChessBase"]
[SourceDate "2016.04.26"]
[SourceVersion "1"]
[SourceVersionDate "2016.04.26"]
[SourceQuality "1"]

1. d4 d5 2. Nf3 c5 3. e3 Nc6 4. b3 e6 5. Bb2 Nf6 6. a3 cxd4 7. exd4 Bd6 8. Bd3 0-0 9. 0-0 a6 10. Nbd2 Bd7 11. Ne5 Qc7 12. f4 g6 13. Ndf3 Ne4 14. Qe1 f5 15. Qh4 Be7 16. Qh6 Nxe5 17. Nxe5 Bf6 18. Rf3 Bb5 19. Rc1 Rac8 20. a4 Be8 21. Rh3 Qg7 22. Ba3 Qc7 23. Bb2 Qg7 24. Ba3 Qxh6 25. Rxh6 Bxe5 26. dxe5 Rf7 27. Rh3 Rfc7 28. Re3 h5 29. g3 Nd2 30. Rd1 Ne4 31. Rc1 Bc6 32. Bd6 d4 33. Ree1 Rd7 34. Bc4 Kf7 35. Ba3 b5 36. axb5 Bxb5 37. Bxb5 axb5 38. Red1 Nc3 39. Re1 Na2 40. Rcd1 Rxc2 41. Bd6 Nc3 42. Rd3 Ra7 43. h4 Ne2+ 44. Kf1 Raa2 45. Red1 Nc3 46. Rxd4 Rf2+ 47. Kg1 Nxd1 48. Rxd1 Rfd2 49. Rc1 Rac2 50. Ra1 Ke8 51. Ra8+ Kd7 52. Ra7+ Kc6 0-1

[Event "TUR-chT"]
[Site "Kocaeli"]
[Date "2014.08.28"]
[Round "12.5"]
[White "Ozturk Orenli, Kubra"]
[Black "Kaya, Emel"]
[Result "1-0"]
[WhiteElo "2291"]
[BlackElo "2000"]
[PlyCount "57"]
[EventDate "2014.08.18"]
[EventType "team-tourn"]
[EventRounds "13"]
[EventCountry "TUR"]
[SourceTitle "CBM 162 Extra"]
[Source "ChessBase"]
[SourceDate "2014.10.17"]
[SourceVersion "1"]
[SourceVersionDate "2014.10.17"]
[SourceQuality "1"]
[WhiteTeam "Besiktas Jimnastik"]
[BlackTeam "Mersin Ezgi"]
[WhiteTeamCountry "TUR"]
[BlackTeamCountry "TUR"]

1. d4 Nf6 2. c4 g6 3. Nf3 Bg7 4. g3 0-0 5. Bg2 d5 6. cxd5 Nxd5 7. 0-0 Nc6 8. e4 Nb6 9. d5 Na5 10. Nc3 Nac4 11. Qe2 f5 12. e5 e6 13. b3 Nd6 14. dxe6 Qe8 15. Bd2 Ne4 16. Nxe4 fxe4 17. Qxe4 Bxe6 18. Rac1 c6 19. Bc3 Rd8 20. Qe2 Bh6 21. Rcd1 Nd5 22. Bb2 c5 23. Nd2 Qf7 24. Ne4 Qc7 25. Nf6+ Nxf6 26. exf6 Kf7 27. Rfe1 Rde8 28. Qe4 Bxb3 29. Qd5+ 1-0

[Event "TUR-chT"]
[Site "Kocaeli"]
[Date "2014.08.23"]
[Round "7.1"]
[White "Ozaltun, Gokce"]
[Black "Kaya, Emel"]
[Result "0-1"]
[WhiteElo "1433"]
[BlackElo "2000"]
[PlyCount "130"]
[EventDate "2014.08.18"]
[EventType "team-tourn"]
[EventRounds "13"]
[EventCountry "TUR"]
[SourceTitle "CBM 162 Extra"]
[Source "ChessBase"]
[SourceDate "2014.10.17"]
[SourceVersion "1"]
[SourceVersionDate "2014.10.17"]
[SourceQuality "1"]
[WhiteTeam "Aliaga Genclik"]
[BlackTeam "Mersin Ezgi"]
[WhiteTeamCountry "TUR"]
[BlackTeamCountry "TUR"]

1. e4 c5 2. Nf3 g6 3. d4 Bg7 4. c3 cxd4 5. Nxd4 Nc6 6. Be3 Nf6 7. Bd3 0-0 8. 0-0 d5 9. Nd2 e5 10. Nxc6 bxc6 11. exd5 cxd5 12. Bc5 Re8 13. f3 Qc7 14. Bf2 e4 15. fxe4 dxe4 16. Be2 Bf5 17. Nc4 Rad8 18. Qa4 Ng4 19. Bxg4 Bxg4 20. Rae1 Bd7 21. Qb4 Bf8 22. Bg3 Qc6 23. Na5 Bxb4 24. Nxc6 Bc5+ 25. Nd4 Bb5 26. Rf4 Bd3 27. Bf2 Bd6 28. Rg4 h5 29. Rg5 Bf4 30. Ra5 Bd2 31. Ra1 a6 32. h3 Rb8 33. Nb3 Bf4 34. Rd5 Bc4 35. Rd4 Bxb3 36. axb3 Rxb3 37. Rxa6 Rxb2 38. Ra1 f5 39. c4 Be5 40. Rdd1 Rxf2 41. Kxf2 Bxa1 42. Rxa1 Kf7 43. Ke3 Kf6 44. h4 Re6 45. g3 g5 46. Ra5 Rd6 47. Ra3 gxh4 48. gxh4 Rd1 49. Ra6+ Ke5 50. Ra5+ Ke6 51. Ra6+ Kd7 52. Rf6 Rd3+ 53. Ke2 Rf3 54. c5 Ke7 55. Rh6 Rc3 56. c6 f4 57. Rxh5 Rxc6 58. Re5+ Re6 59. Rf5 f3+ 60. Ke3 Rf6 61. Re5+ Kd6 62. Ra5 Rf7 63. Kxe4 f2 64. Ra6+ Kc5 65. Ra1 f1Q 0-1

[Event "TUR-chT"]
[Site "Kocaeli"]
[Date "2014.08.22"]
[Round "5.2"]
[White "Isgandarova, Khayala Ilqar Qizi"]
[Black "Kaya, Emel"]
[Result "1-0"]
[WhiteElo "2190"]
[BlackElo "2000"]
[PlyCount "107"]
[EventDate "2014.08.18"]
[EventType "team-tourn"]
[EventRounds "13"]
[EventCountry "TUR"]
[SourceTitle "CBM 162 Extra"]
[Source "ChessBase"]
[SourceDate "2014.10.17"]
[SourceVersion "1"]
[SourceVersionDate "2014.10.17"]
[SourceQuality "1"]
[WhiteTeam "Kahramanmaras Buyuksehir"]
[BlackTeam "Mersin Ezgi"]
[WhiteTeamCountry "TUR"]
[BlackTeamCountry "TUR"]

1. e4 c5 2. Nf3 g6 3. d4 cxd4 4. Qxd4 Nf6 5. e5 Nc6 6. Qa4 Nd5 7. Qe4 Ndb4 8. c3 d5 9. Qe2 Na6 10. Nd4 Bg7 11. f4 0-0 12. Qf2 Nc7 13. Be2 f6 14. exf6 Bxf6 15. Nxc6 bxc6 16. 0-0 e5 17. fxe5 Bxe5 18. Qxf8+ Qxf8 19. Rxf8+ Kxf8 20. Bh6+ Kg8 21. Nd2 Rb8 22. Nb3 Ne6 23. Bg4 Nf4 24. Bxc8 Rxc8 25. Re1 Nd3 26. Re3 Bf4 27. Bxf4 Nxf4 28. g3 Nh3+ 29. Kg2 Ng5 30. Re7 Ne4 31. Nd4 Rf8 32. Kg1 c5 33. Ne6 Rf6 34. Nf4 Rf7 35. Re5 Rf5 36. Rxf5 gxf5 37. Nxd5 Kf7 38. Kg2 Ke6 39. Nf4+ Ke5 40. Nd3+ Ke6 41. c4 Kd6 42. b3 a5 43. Kf3 Nd2+ 44. Kf4 a4 45. Kxf5 axb3 46. axb3 Nxb3 47. Nf2 Nd4+ 48. Kf6 Nc2 49. Ne4+ Kc6 50. Kg7 Ne3 51. Nd2 h6 52. Kxh6 Kd6 53. Kg5 Ke5 54. h4 1-0

[Event "EU-ch (Women) 15th"]
[Site "Plovdiv"]
[Date "2014.07.17"]
[Round "11"]
[White "Vasileva, Cveta"]
[Black "Kaya, Emel"]
[Result "0-1"]
[WhiteElo "1598"]
[BlackElo "1987"]
[PlyCount "114"]
[EventDate "2014.07.06"]
[EventType "swiss"]
[EventRounds "11"]
[EventCountry "BUL"]
[SourceTitle "CBM 162"]
[Source "ChessBase"]
[SourceDate "2014.09.17"]
[SourceVersion "1"]
[SourceVersionDate "2014.09.17"]
[SourceQuality "1"]

1. d4 Nf6 2. c4 g6 3. Nc3 d5 4. cxd5 Nxd5 5. e4 Nxc3 6. bxc3 Bg7 7. Bc4 c5 8. Ne2 0-0 9. 0-0 Qc7 10. Qc2 Nd7 11. Be3 Rb8 12. a4 Nb6 13. Ba2 cxd4 14. Bxd4 Bd7 15. Bb3 Rbc8 16. Rac1 Bxd4 17. Nxd4 Nc4 18. Qa2 Na5 19. Bd1 Qc4 20. Qa3 Qc5 21. Qb2 e5 22. Nb3 Qb6 23. Qa3 Nc4 24. Qa1 Qc6 25. a5 Qa4 26. Qb1 Qa3 27. Rc2 Bc6 28. Re1 Rfd8 29. Ra2 Bxe4 30. Qa1 Qd6 31. Bg4 f5 32. Rd1 Qc6 33. Bh3 Qb5 34. Nd2 Nxd2 35. Raxd2 Rxd2 36. Rxd2 Qb1+ 37. Qxb1 Bxb1 38. f3 Rc7 39. Rd5 e4 40. Rb5 Bd3 41. Re5 Rxc3 42. Kf2 Kf7 43. g4 Kf6 44. Rd5 Bc4 45. Rd7 Rxf3+ 46. Kg1 Rxh3 47. gxf5 gxf5 48. Rxb7 a6 49. Kg2 Rf3 50. Rxh7 Bf1+ 51. Kg1 Bh3 52. Rh6+ Ke5 53. Rxh3 Rxh3 54. Kg2 Rc3 55. h4 Kf4 56. h5 Rc2+ 57. Kf1 e3 0-1

[Event "EU-ch (Women) 15th"]
[Site "Plovdiv"]
[Date "2014.07.14"]
[Round "8"]
[White "Isgandarova, Khayala Ilqar Qizi"]
[Black "Kaya, Emel"]
[Result "1-0"]
[WhiteElo "2184"]
[BlackElo "1987"]
[PlyCount "57"]
[EventDate "2014.07.06"]
[EventType "swiss"]
[EventRounds "11"]
[EventCountry "BUL"]
[SourceTitle "CBM 162"]
[Source "ChessBase"]
[SourceDate "2014.09.17"]
[SourceVersion "1"]
[SourceVersionDate "2014.09.17"]
[SourceQuality "1"]

1. e4 e5 2. Nf3 Nc6 3. d4 exd4 4. Nxd4 Nf6 5. Nxc6 bxc6 6. Bd3 d6 7. 0-0 Be7 8. h3 0-0 9. Nd2 Rb8 10. f4 g6 11. e5 dxe5 12. fxe5 Qd4+ 13. Kh1 Nh5 14. Ne4 Qxe5 15. Bh6 Bd6 16. Nxd6 Ng3+ 17. Kg1 cxd6 18. Rf2 Nh5 19. Bxf8 Kxf8 20. Qf3 Be6 21. Qxc6 Rxb2 22. Rd1 Nf4 23. Bf1 Bd5 24. Qc8+ Kg7 25. Qg4 g5 26. g3 Be6 27. Qf3 Bd5 28. Qa3 Rxa2 29. gxf4 1-0